| 000 -LEADER |
| fixed length control field |
01429pab a2200181 454500 |
| 008 - FIXED-LENGTH DATA ELEMENTS--GENERAL INFORMATION |
| fixed length control field |
180718b2003 xxu||||| |||| 00| 0 eng d |
| 100 ## - MAIN ENTRY--PERSONAL NAME |
| Personal name |
Boston, Jonathan |
| 245 ## - TITLE STATEMENT |
| Title |
The impact of proportional representation on government effectiveness: the New Zealand experience |
| 260 ## - PUBLICATION, DISTRIBUTION, ETC. |
| Date of publication, distribution, etc. |
2003 |
| 300 ## - PHYSICAL DESCRIPTION |
| Extent |
p.7-22. |
| 520 ## - SUMMARY, ETC. |
| Summary, etc. |
It is often claimed that proportional representation )PR) undermines government effectiveness, including decisional efficacy, fiscal prudence, electoral responsiveness and accountability. Drawing on New Zealand's experience since the introduction of a mixed-member proportional (MMP) electoral system in 1996, this article examines the impact of the new voting system on government effectiveness. Although government durability has been substantially reduced and the policy-making process has become more complex, governments under MMP appear to be no less able to address major policy problems or respond to changing economic circumstances. Moreover, New Zealand has maintained continuous fiscal surpluses under MMP - a radical departure from the protracted, and often large, deficits that characterised the previous two decades under a majoritarian electoral system. - Reproduced. |
| 650 ## - SUBJECT ADDED ENTRY--TOPICAL TERM |
| Topical term or geographic name entry element |
Public administration - New Zealand |
| 650 ## - SUBJECT ADDED ENTRY--TOPICAL TERM |
| Topical term or geographic name entry element |
Public administration |
| 700 ## - ADDED ENTRY--PERSONAL NAME |
| Personal name |
Bale, Tim |
| 700 ## - ADDED ENTRY--PERSONAL NAME |
| Personal name |
Church, Stephen |
| 773 ## - HOST ITEM ENTRY |
| Main entry heading |
Australian Journal of Public Administration |
| 909 ## - |
| -- |
59202 |